000 00557nam a22001817a 4500
999 _c258383
_d258382
003 OSt
005 20200612093953.0
008 200612b xxu||||| |||| 00| 0 eng d
010 _a2001044515
020 _a0323014380 (hardcover)
040 _cn/a
050 _aRB113
_b.M35 2002
100 _a[edited by] Kathryn L. McCance, Sue E. Huether.
245 _aPathophysiology : the biologic basis for disease in adults & children
260 _aSt. Louis :
_bMosby,
_cc2002.
300 _axxvi, 1616 p.
_b: ill. (some col.)
_c; 29 cm.
942 _2lcc
_cBK